01954nam a2200205 c 4500001001500000008004100015017001700056020001800073040001700091041001200108100002700120245005000147260004500197300002300242520075300265520064401018650002201662650004401684650002001728Rebiun34719293231124s2023 sp r 000 0 spa d aB 12627-2023 a9788412661668 aURJC.CFctbs aSpanish aEklöf, Johaneauthor10aManifiesto por la oscuridad c/ Johan Eklöf a[Barcelona] : bRosamerón, cD.L. 2023 a250 pages ;b21 cm aLa bombilla, durante mucho tiempo símbolo del progreso, debe apagarse. Es necesario abrazar la oscuridad para asegurar un futuro brillante. ¿Cuánta luz es demasiada? La flora y la fauna del mundo han evolucionado para operar en el ciclo natural del día y la noche. Sin embargo, la iluminación permanente ha hecho que la contaminación lumínica sea un grave problema. Desde el espacio, nuestro planeta brilla intensamente 24 horas al día, los 7 días de la semana. Al extender nuestras horas de luz, hemos expulsado a los habitantes de la noche e interrumpido los ritmos circadianos necesarios para el sustento de todos los seres vivos. Las farolas y los letreros de neón de nuestras ciudades están alterando ecosistemas enteros.  aThe lightbulb, long a symbol of progress, must now be switched off. We must embrace the darkness to secure a bright future. How much light is too much? The world's flora and fauna have evolved to function within the natural cycle of day and night. However, constant illumination has turned light pollution into a serious issue. From space, our planet glows brightly 24 hours a day, seven days a week. By extending our hours of light, we have driven out the creatures of the night and disrupted the circadian rhythms essential to the survival of all living beings. Streetlights and neon signs in our cities are disturbing entire ecosystems. 0aCircadian rhythms 0aLight and darkness Physiological effect 0aLight pollution